Selected Learning Styles and Cognitive Styles in Further Professional Education under Conditions of Digitalisation of the Economy
Digitalizácia ekonomiky si vyžaduje rozvoj vzdelávacích aktivít so zameraním na vedomosti a zručnosti, ktoré podporujú inovácie v IKT. Práca identifikuje typ ďalšieho vzdelávania účastníkov na základe Flemingových štýlov učenia (štýly učenia VARK) a charakterizuje dosiahnutie stanovených vzdelávacíc...
Gespeichert in:
| 1. Verfasser: | |
|---|---|
| Weitere Verfasser: | |
| Format: | Buchkapitel |
| Sprache: | Englisch |
| Schlagworte: | |
| Tags: |
Keine Tags, Fügen Sie das erste Tag hinzu!
|
MARC
| LEADER | 00000naa a2200000 4500 | ||
|---|---|---|---|
| 001 | 0315182 | ||
| 005 | 20260302085915.0 | ||
| 041 | 0 | |a eng | |
| 044 | |a CH | ||
| 245 | 1 | 0 | |a Selected Learning Styles and Cognitive Styles in Further Professional Education under Conditions of Digitalisation of the Economy |c Marta Matulčíková, Daniela Breveníková |
| 520 | |a Digitalizácia ekonomiky si vyžaduje rozvoj vzdelávacích aktivít so zameraním na vedomosti a zručnosti, ktoré podporujú inovácie v IKT. Práca identifikuje typ ďalšieho vzdelávania účastníkov na základe Flemingových štýlov učenia (štýly učenia VARK) a charakterizuje dosiahnutie stanovených vzdelávacích cieľov v rozvoji vedomostí a zručností v oblasti IKT, rozdelených na kognitívne, psychomotorické a afektívne vzdelávacie ciele v ďalšom odbornom vzdelávaní a zameriava sa na aplikovateľnosť niektorých štýlov učenia a vyučovania v ďalšom odbornom vzdelávaní. | ||
| 610 | 2 | 0 | |a digitalizácia |
| 610 | 2 | 0 | |a ekonomika |
| 610 | 2 | 0 | |a vzdelávanie |
| 610 | 2 | 0 | |a inovácia |
| 610 | 2 | 0 | |a technológie informačné |
| 610 | 2 | 0 | |a technológie komunikačné |
| 100 | 1 | |a Matulčíková, Marta, 1964- | |
| 700 | 1 | |a Breveníková, Daniela | |